01709nam a22002897a 450000500170000000800410001702000180005804000070007604100080008308200210009110000180011224500590013026000330018930000230022236500540024552003250029965000320062465000290065670000310068570000350071694200120075199900190076395201750078295201540095795201540111195201540126520260424110914.0241217b ||||| |||| 00| 0 eng d a9789388918121 cAL aeng 223a347.05bMULC aMulla9262579 aClassic commentary on the code of civil procedure 1908 aDelhibDelhi Law Housec2025 aclxxxviii,1822,48p 2Lawa1172b3062.35c₹d4195.00e27%f14-12-2024 aMulla’s Commentary on the Code of Civil Procedure (Act No. 5 of 1908) is a foundational 3-volume legal treatise providing comprehensive section-wise analysis, case law, and judicial interpretations of Indian civil procedural law. First published in 1900, it is widely regarded as a classic text for judges and lawyers. aMeditation Act 20239191335 aAct No 5 of 19089191336 aAggarwala, Adish C9191337 aDeshpande, Bhagyashree9191338 2ddccBK c233018d233018 00102ddc40708LawaLLbLLd2024-12-17eMPP House Law Books Publishers Bengaluru-560009g3062.35l0o347.05 MULCpLL002275r2024-12-17 00:00:00v4195.00w2024-12-17yBK 00102ddc40708LawaLLbLLd2026-04-16eMPP House Bengaluru-560009g3146.25l0o347.05 MULCpLL002573r2026-04-24 11:14:27v4195.00w2026-03-14yBK 00102ddc40708LawaLLbLLd2026-04-23eMPP House Bengaluru-560009g3146.25l0o347.05 MULCpLL002725r2026-04-24 11:42:24v4195.00w2026-03-21yBK 00102ddc40708LawaLLbLLd2026-04-23eMPP House Bengaluru-560009g3146.25l0o347.05 MULCpLL002726r2026-04-24 11:42:24v4195.00w2026-03-21yBK